| 000 | 01018nam2a2200265 4500 | ||
|---|---|---|---|
| 001 | RU\NLR\bibl\945762 | ||
| 005 | 20250614195914.0 | ||
| 010 |
_a5-94809-146-5 _9500 |
||
| 021 |
_aRU _b2006-19871 _9992 |
||
| 035 | _a(NLR Aleph) 000933902 | ||
| 090 |
_a177161 _c177161 |
||
| 100 | _a20060510d2006 |||y0rusy50 ca | ||
| 101 | 0 | _arus | |
| 102 | _aRU | ||
| 105 | _ay ||||||||| | ||
| 200 | 0 | _aЧ. 2 | |
| 210 |
_d2006 _aБ. м. |
||
| 215 | _a173 с. | ||
| 320 | _aБиблиогр.: с. 160-169 и в подстроч. прим. | ||
| 461 | 0 |
_1001RU\NLR\bibl\955593 _12001#$aВведение в лидерологию$vЧ. 2 _9235681 _aКарасев, В. И. (д-р филос. наук ; 1952-) _cЕлец _d2006 _fВ. И. Карасев _nЕлецкий государственный университет _o[учебное пособие : в 2 ч.] _tВведение в лидерологию _vЧ. 2 |
|
| 801 | 0 |
_aRU _bNLR _c20060510 _grcr |
|
| 801 | 1 |
_aRU _bNLR _c20060510 |
|
| 942 | _cBOOK | ||
| 980 | _aNB | ||